| 000 | 00910nam a2200289Ma 4500 | ||
|---|---|---|---|
| 001 | 54539 | ||
| 005 | 20230411085936.0 | ||
| 008 | 000818s2000 sp a f000 0 spa d | ||
| 035 | _a(OCoLC)ocn145063422 | ||
| 040 |
_aYUS _cYUS _dDRFGD |
||
| 020 | _a8483201003 | ||
| 020 | _a9788483201008 | ||
| 035 | _a(OCoLC)145063422 | ||
| 041 | 0 | _aspaeng | |
| 043 | _ae-sp--- | ||
| 049 | _aGRAL | ||
| 050 | 1 | 4 | _aE77e 2000 |
| 245 | 0 | 0 |
_aEspaña: un turismo sostenible = _bSpain: a sustainable tourism. |
| 246 | 1 | 1 | _aSpain: a sustainable tourism |
| 260 |
_aMadrid : _bMinisterio de Medio Ambiente, Dirección General de Calidad y Evaluación Ambiental : _bMinisterio de Economía y Hacienda, Dirección General de Turismo, _c2000. |
||
| 300 |
_a97 p. : _bcol. ill. ; _c30 cm. |
||
| 546 | _aSpanish and English. | ||
| 650 | 0 |
_aTourism _zSpain. |
|
| 942 |
_2lcc _cbk |
||
| 946 | _almminaya | ||
| 994 |
_aC0 _bDRFGD |
||
| 999 |
_c109725 _d109725 |
||